| 000 | 01774nam0a2200325 i 4500 | ||
|---|---|---|---|
| 001 | RU\NLR\bibl\1888826 | ||
| 005 | 20260407144255.0 | ||
| 010 | _a9785911330873 | ||
| 021 |
_aRU _b2012-20020 _91513 |
||
| 035 | _a(NLR Aleph) 001878529 | ||
| 090 |
_a2758448 _c2758448 |
||
| 100 | _a20120406d2011 u y0rusy50 ca | ||
| 101 | 0 | _arus | |
| 102 | _aRU | ||
| 105 | _ay ||||||||| | ||
| 200 | 1 |
_aСловарь основных терминов судебно-товароведческой экспертизы швейных, трикотажных и текстильных товаров _fМ-во юстиции Рос. Федерации, Гос. учреждение Рос. федер. центр судеб. экспертизы при М-ве юстиции Рос. Федерации _g[подгот.: С.С. Толмачевой и др.] |
|
| 210 |
_aМосква _cРоссийский федеральный центр судебной экспертизы при Минюсте России _cЭКОМ-Паблишерз _d2011 |
||
| 215 |
_a132 с. _d20 |
||
| 320 | _aБиблиогр.: с. 128-131 | ||
| 606 |
_aТекстильные изделия _jСловари _xСудебно-товароведческая экспертиза _yРоссийская Федерация _92100984 _3RU\NLR\auth\661574259 |
||
| 686 | _aХ629.40я2 | ||
| 702 | 1 |
_aТолмачева _bС. С. _gСветлана Сергеевна _4220 |
|
| 712 | 0 | 2 |
_4475 _aРоссийский федеральный центр судебной экспертизы _3RU\NLR\AUTH\8810017659 _9533165 |
| 801 | 0 |
_aRU _bNLR _c20120406 _gRCR |
|
| 801 | 1 |
_aRU _bNLR _c20120406 |
|
| 830 | _aсост. раскрыт по ЭК | ||
| 942 | _cBOOK | ||
| 980 | _aNBR | ||